[Event "Irwin/Haring/Denker/Barber/Rockefeller Championships 2021"]
[Site "Crowne Plaza Cherry Hill, United States"]
[Date "2021.08.01"]
[Round "2.1"]
[White "Root, Douglas"]
[Black "Szpisjak, Steven"]
[Result "1-0"]
[TimeControl "G/90;+30"]
[WhiteTitle "IM"]
[WhiteElo "2556"]
[BlackElo "2232"]

1. e4 {[%clk 01:30:55]} e5 {[%clk 01:30:49]} 2. Nf3 {[%clk 01:31:13]} Nc6
{[%clk 01:31:10]} 3. d4 {[%clk 01:31:22]} {[%emt 00:00:55]} exd4 {[%clk
01:31:31]} 4. c3 {[%clk 01:31:46]} {[%emt 00:00:04]} d5 {[%clk 01:31:23]}
{[%emt 00:00:14]} 5. exd5 {[%clk 01:32:08]} {[%emt 00:00:11]} Qxd5 {[%clk
01:31:44]} {[%emt 00:00:05]} 6. cxd4 {[%clk 01:32:31]} {[%emt 00:00:20]} Bb4+
{[%clk 01:30:34]} {[%emt 00:01:28]} 7. Nc3 {[%clk 01:32:54]} {[%emt 00:00:42]}
Nf6 {[%clk 01:29:56]} {[%emt 00:00:31]} 8. Be2 {[%clk 01:33:14]} {[%emt
00:00:41]} O-O {[%clk 01:27:59]} {[%emt 00:02:29]} 9. O-O {[%clk 01:33:38]}
Bxc3 {[%clk 01:26:30]} {[%emt 00:01:33]} 10. bxc3 {[%clk 01:34:02]} {[%emt
00:00:07]} Bf5 {[%clk 01:16:45]} {[%emt 00:10:11]} 11. c4 {[%clk 01:31:26]}
{[%emt 00:03:30]} Qe4 {[%clk 01:13:16]} {[%emt 00:03:35]} 12. d5 {[%clk
01:25:20]} {[%emt 00:06:37]} Nb4 {[%clk 01:08:27]} {[%emt 00:05:42]} 13. Nd4
{[%clk 01:25:22]} {[%emt 00:00:06]} Rfe8 {[%clk 01:02:38]} {[%emt 00:06:17]} 14.
f3 {[%clk 01:20:40]} {[%emt 00:05:12]} Qe5 {[%clk 01:02:39]} {[%emt 00:00:39]}
15. f4 {[%clk 01:20:39]} {[%emt 00:00:21]} Qe4 {[%clk 01:03:02]} {[%emt
00:00:38]} 16. Bf3 {[%clk 01:20:18]} {[%emt 00:00:19]} Qd3 {[%clk 01:03:11]}
{[%emt 00:00:25]} 17. Nxf5 {[%clk 01:20:21]} {[%emt 00:00:23]} Qxf5 {[%clk
01:03:31]} {[%emt 00:00:37]} 18. a3 {[%clk 01:19:50]} {[%emt 00:00:41]} Na6
{[%clk 01:02:13]} {[%emt 00:01:49]} 19. Qd4 {[%clk 01:13:47]} {[%emt 00:06:29]}
Nd7 {[%clk 00:52:38]} {[%emt 00:10:21]} 20. Bb2 {[%clk 01:12:58]} {[%emt
00:01:51]} Qf6 {[%clk 00:50:47]} {[%emt 00:01:29]} 21. Qxf6 {[%clk 00:44:04]}
{[%emt 00:29:28]} gxf6 {[%clk 00:51:07]} {[%emt 00:00:13]} 22. Bg4 {[%clk
00:38:00]} {[%emt 00:06:33]} Nac5 {[%clk 00:51:12]} {[%emt 00:00:20]} 23. Bf5
{[%clk 00:37:30]} {[%emt 00:01:01]} Re2 {[%clk 00:49:39]} {[%emt 00:02:00]} 24.
Bc3 {[%clk 00:36:16]} {[%emt 00:02:12]} Rae8 {[%clk 00:49:17]} {[%emt
00:00:34]} 25. Rf3 {[%clk 00:36:07]} {[%emt 00:00:29]} R8e3 {[%clk 00:26:51]}
{[%emt 00:22:56]} 26. Raf1 {[%clk 00:36:18]} {[%emt 00:00:35]} h6 {[%clk
00:22:06]} {[%emt 00:05:01]} 27. Bd4 {[%clk 00:36:31]} {[%emt 00:00:24]} Rxf3
{[%clk 00:22:26]} {[%emt 00:00:04]} 28. Rxf3 {[%clk 00:36:52]} {[%emt
00:00:08]} b6 {[%clk 00:22:10]} {[%emt 00:01:07]} 29. Rg3+ {[%clk 00:28:55]}
{[%emt 00:08:14]} Kh8 {[%clk 00:21:40]} {[%emt 00:00:50]} 30. Bc3 {[%clk
00:25:44]} {[%emt 00:03:53]} Re8 {[%clk 00:18:48]} {[%emt 00:03:29]} 31. Kf1
{[%clk 00:24:52]} {[%emt 00:01:06]} Rg8 {[%clk 00:17:49]} {[%emt 00:01:28]} 32.
Re3 {[%clk 00:23:00]} {[%emt 00:02:19]} Rd8 {[%clk 00:18:11]} {[%emt 00:00:42]}
33. g4 {[%clk 00:22:15]} {[%emt 00:01:07]} Kg7 {[%clk 00:17:49]} {[%emt
00:01:12]} 34. g5 {[%clk 00:21:18]} {[%emt 00:00:52]} hxg5 {[%clk 00:11:35]}
{[%emt 00:06:47]} 35. fxg5 {[%clk 00:21:40]} Kf8 {[%clk 00:10:55]} {[%emt
00:01:03]} 36. gxf6 {[%clk 00:21:26]} {[%emt 00:01:21]} Re8 {[%clk 00:09:29]}
{[%emt 00:01:19]} 37. Rh3 {[%clk 00:20:26]} {[%emt 00:01:39]} Kg8 {[%clk
00:09:50]} {[%emt 00:00:11]} 38. Rg3+ {[%clk 00:20:38]} {[%emt 00:00:13]} Kh8
{[%clk 00:10:07]} {[%emt 00:00:28]} 39. Rh3+ {[%clk 00:13:24]} {[%emt
00:07:24]} Kg8 {[%clk 00:10:29]} {[%emt 00:00:10]} 40. Bh7+ {[%clk 00:13:43]}
{[%emt 00:00:24]} Kh8 {[%clk 00:10:47]} 41. Bd2 {[%clk 00:13:13]} {[%emt
00:01:01]} Nxf6 {[%clk 00:09:43]} {[%emt 00:01:39]} 42. Bc3 {[%clk 00:13:02]}
{[%emt 00:00:31]} Kg7 {[%clk 00:09:58]} {[%emt 00:00:14]} 43. Bf5 {[%clk
00:13:11]} {[%emt 00:00:38]} Nce4 {[%clk 00:08:35]} {[%emt 00:01:35]} 44. Bxe4
{[%clk 00:13:32]} {[%emt 00:00:25]} 1-0

[Event "Irwin/Haring/Denker/Barber/Rockefeller Championships 2021"]
[Site "Crowne Plaza Cherry Hill, United States"]
[Date "2021.08.01"]
[Round "2.2"]
[White "Eckert, Doug"]
[Black "Finegold, Benjamin"]
[Result "1-0"]
[TimeControl "G/90;+30"]
[WhiteTitle "FM"]
[BlackTitle "GM"]
[WhiteElo "2266"]
[BlackElo "2538"]

1. d4 {[%clk 01:30:58]} {[%emt 00:00:40]} Nf6 {[%clk 01:26:54]} {[%emt
00:03:27]} 2. c4 {[%clk 01:31:15]} {[%emt 00:00:54]} c5 {[%clk 01:26:26]}
{[%emt 00:00:56]} 3. d5 {[%clk 01:31:38]} e5 {[%clk 01:26:18]} {[%emt
00:00:27]} 4. Nc3 {[%clk 01:31:39]} {[%emt 00:00:25]} d6 {[%clk 01:26:17]}
{[%emt 00:00:14]} 5. e4 {[%clk 01:31:46]} {[%emt 00:00:36]} Be7 {[%clk
01:26:17]} {[%emt 00:00:17]} 6. g3 {[%clk 01:31:10]} {[%emt 00:01:06]} O-O
{[%clk 01:22:53]} {[%emt 00:04:18]} 7. Bg2 {[%clk 01:31:32]} {[%emt 00:00:03]}
Ne8 {[%clk 01:22:23]} {[%emt 00:01:12]} 8. Nge2 {[%clk 01:31:25]} {[%emt
00:00:06]} g6 {[%clk 01:20:49]} {[%emt 00:03:15]} 9. Bh6 {[%clk 01:30:55]} Ng7
{[%clk 01:21:12]} 10. Qd2 {[%clk 01:30:13]} {[%emt 00:01:51]} Nd7 {[%clk
01:19:20]} {[%emt 00:01:38]} 11. O-O {[%clk 01:23:21]} {[%emt 00:07:36]} f5
{[%clk 01:13:53]} {[%emt 00:05:43]} 12. exf5 {[%clk 01:08:14]} {[%emt
00:15:39]} gxf5 {[%clk 01:13:14]} {[%emt 00:01:09]} 13. f4 {[%clk 01:08:16]}
{[%emt 00:00:53]} Nf6 {[%clk 01:00:37]} {[%emt 00:12:40]} 14. h3 {[%clk
01:04:27]} {[%emt 00:04:45]} Kh8 {[%clk 00:55:18]} {[%emt 00:05:31]} 15. fxe5
{[%clk 00:54:29]} {[%emt 00:10:21]} dxe5 {[%clk 00:53:16]} {[%emt 00:02:35]} 16.
Rad1 {[%clk 00:54:53]} {[%emt 00:00:16]} Bd6 {[%clk 00:48:44]} {[%emt
00:05:05]} 17. Nb5 {[%clk 00:54:52]} {[%emt 00:00:13]} Rg8 {[%clk 00:47:07]}
{[%emt 00:02:33]} 18. Bg5 {[%clk 00:50:20]} {[%emt 00:04:48]} a6 {[%clk
00:44:21]} {[%emt 00:03:22]} 19. Nxd6 {[%clk 00:50:07]} {[%emt 00:00:39]} Qxd6
{[%clk 00:44:43]} 20. g4 {[%clk 00:47:17]} {[%emt 00:03:15]} Nfe8 {[%clk
00:43:11]} {[%emt 00:02:03]} 21. Ng3 {[%clk 00:44:09]} {[%emt 00:04:12]} fxg4
{[%clk 00:37:30]} {[%emt 00:05:40]} 22. h4 {[%clk 00:40:23]} {[%emt 00:04:29]}
Qd7 {[%clk 00:24:11]} {[%emt 00:13:29]} 23. Qc3 {[%clk 00:34:40]} {[%emt
00:06:51]} Qd6 {[%clk 00:13:29]} {[%emt 00:10:35]} 24. Rde1 {[%clk 00:32:54]}
{[%emt 00:02:19]} h6 {[%clk 00:11:34]} {[%emt 00:02:22]} 25. Bd2 {[%clk
00:32:19]} {[%emt 00:01:06]} Nf6 {[%clk 00:07:25]} {[%emt 00:04:38]} 26. Rxe5
{[%clk 00:31:45]} {[%emt 00:01:11]} 1-0

[Event "Irwin/Haring/Denker/Barber/Rockefeller Championships 2021"]
[Site "Crowne Plaza Cherry Hill, United States"]
[Date "2021.08.01"]
[Round "2.3"]
[White "Khmelnitsky, Igor"]
[Black "Perez, Ignacio"]
[Result "1-0"]
[TimeControl "G/90;+30"]
[WhiteTitle "IM"]
[BlackTitle "FM"]
[WhiteElo "2488"]
[BlackElo "2221"]

1. d4 {[%clk 01:30:52]} g6 {[%clk 01:22:13]} {[%emt 00:08:10]} 2. h4 {[%clk
01:30:56]} {[%emt 00:00:40]} h5 {[%clk 01:22:25]} 3. Nc3 {[%clk 01:30:33]}
{[%emt 00:00:52]} Bg7 {[%clk 01:22:42]} {[%emt 00:00:46]} 4. e4 {[%clk
01:29:27]} {[%emt 00:01:28]} d6 {[%clk 01:23:00]} 5. Bc4 {[%clk 01:27:09]}
{[%emt 00:03:02]} Nc6 {[%clk 01:21:14]} {[%emt 00:01:50]} 6. Nge2 {[%clk
01:22:32]} {[%emt 00:05:35]} e5 {[%clk 01:20:50]} {[%emt 00:01:07]} 7. dxe5
{[%clk 01:18:29]} {[%emt 00:03:50]} Nxe5 {[%clk 01:19:08]} {[%emt 00:02:26]} 8.
Bb3 {[%clk 01:18:44]} {[%emt 00:00:36]} Nf6 {[%clk 01:00:37]} {[%emt 00:18:27]}
9. Bg5 {[%clk 01:17:44]} {[%emt 00:01:38]} Qd7 {[%clk 01:00:14]} {[%emt
00:00:44]} 10. Qd2 {[%clk 01:12:00]} {[%emt 00:06:36]} O-O {[%clk 00:54:39]}
{[%emt 00:06:16]} 11. f3 {[%clk 01:11:31]} {[%emt 00:01:17]} b5 {[%clk
00:52:58]} {[%emt 00:01:21]} 12. Bh6 {[%clk 01:07:15]} {[%emt 00:05:25]} Bb7
{[%clk 00:48:14]} {[%emt 00:04:41]} 13. Bxg7 {[%clk 01:03:56]} {[%emt
00:04:29]} Kxg7 {[%clk 00:46:04]} {[%emt 00:02:43]} 14. a3 {[%clk 01:04:14]} a5
{[%clk 00:46:07]} 15. Nf4 {[%clk 01:02:32]} {[%emt 00:02:05]} Rfe8 {[%clk
00:38:44]} {[%emt 00:08:29]} 16. O-O {[%clk 01:00:57]} {[%emt 00:01:32]} Ba6
{[%clk 00:32:50]} {[%emt 00:06:18]} 17. Rfe1 {[%clk 00:58:01]} {[%emt
00:04:16]} Qe7 {[%clk 00:31:14]} {[%emt 00:01:39]} 18. Ncd5 {[%clk 00:45:55]}
{[%emt 00:12:14]} Qd8 {[%clk 00:25:25]} {[%emt 00:06:24]} 19. Qf2 {[%clk
00:32:53]} {[%emt 00:14:32]} Bb7 {[%clk 00:23:35]} {[%emt 00:01:18]} 20. Nxf6
{[%clk 00:32:33]} {[%emt 00:00:48]} Qxf6 {[%clk 00:18:36]} {[%emt 00:05:29]} 21.
Qg3 {[%clk 00:32:45]} {[%emt 00:00:32]} Kf8 {[%clk 00:18:01]} {[%emt 00:00:59]}
22. c3 {[%clk 00:31:06]} {[%emt 00:02:16]} a4 {[%clk 00:18:05]} {[%emt
00:00:32]} 23. Bd5 {[%clk 00:31:01]} {[%emt 00:00:24]} c6 {[%clk 00:18:22]} 24.
Ba2 {[%clk 00:31:17]} {[%emt 00:00:30]} Rab8 {[%clk 00:17:12]} {[%emt
00:01:25]} 25. Rad1 {[%clk 00:30:44]} {[%emt 00:01:02]} Bc8 {[%clk 00:15:53]}
{[%emt 00:02:00]} 26. Re2 {[%clk 00:29:57]} {[%emt 00:01:07]} Nc4 {[%clk
00:12:05]} {[%emt 00:04:22]} 27. Bxc4 {[%clk 00:28:42]} {[%emt 00:02:15]} bxc4
{[%clk 00:12:34]} 28. Red2 {[%clk 00:28:11]} {[%emt 00:00:29]} Be6 {[%clk
00:11:15]} {[%emt 00:02:02]} 29. Rxd6 {[%clk 00:18:46]} {[%emt 00:10:18]} Rxb2
{[%clk 00:11:44]} 30. R1d4 {[%clk 00:19:01]} Rc2 {[%clk 00:07:19]} {[%emt
00:04:45]} 31. Rxc4 {[%clk 00:17:44]} {[%emt 00:01:36]} Kg8 {[%clk 00:04:36]}
{[%emt 00:03:55]} 32. Rcxc6 {[%clk 00:14:25]} {[%emt 00:03:29]} Qe5 {[%clk
00:03:20]} {[%emt 00:01:24]} 33. Kh2 {[%clk 00:13:16]} {[%emt 00:02:20]} Bb3
{[%clk 00:02:42]} {[%emt 00:00:28]} 34. Nd5 {[%clk 00:10:14]} {[%emt 00:03:33]}
Qxg3+ {[%clk 00:02:59]} {[%emt 00:00:20]} 35. Kxg3 {[%clk 00:10:44]} Bxd5
{[%clk 00:02:39]} {[%emt 00:00:50]} 36. Rxd5 {[%clk 00:07:32]} {[%emt
00:03:57]} Ra2 {[%clk 00:02:47]} {[%emt 00:00:10]} 37. Ra5 {[%clk 00:07:37]}
{[%emt 00:00:16]} Rxa3 {[%clk 00:03:16]} {[%emt 00:00:03]} 38. Rc4 {[%clk
00:07:55]} {[%emt 00:00:07]} Rb8 {[%clk 00:03:05]} {[%emt 00:01:10]} 39. Raxa4
{[%clk 00:08:03]} {[%emt 00:00:05]} Rxa4 {[%clk 00:03:34]} 40. Rxa4 {[%clk
00:08:32]} Rb2 {[%clk 00:03:34]} {[%emt 00:00:22]} 41. Ra7 {[%clk 00:08:29]}
{[%emt 00:00:30]} Rc2 {[%clk 00:03:56]} {[%emt 00:00:12]} 42. Rc7 {[%clk
00:08:53]} {[%emt 00:00:12]} Re2 {[%clk 00:03:58]} {[%emt 00:00:20]} 43. Rd7
{[%clk 00:08:06]} {[%emt 00:01:27]} Kg7 {[%clk 00:04:09]} {[%emt 00:00:41]} 44.
Rd1 {[%clk 00:06:59]} {[%emt 00:01:36]} Rc2 {[%clk 00:04:20]} 45. Rd3 {[%clk
00:07:24]} {[%emt 00:00:05]} Kf6 {[%clk 00:04:44]} 46. f4 {[%clk 00:07:44]}
{[%emt 00:00:15]} Ke6 {[%clk 00:04:50]} {[%emt 00:00:14]} 47. Kf3 {[%clk
00:08:06]} {[%emt 00:00:18]} f6 {[%clk 00:04:54]} {[%emt 00:00:25]} 48. g3
{[%clk 00:08:26]} {[%emt 00:00:19]} Rc1 {[%clk 00:03:20]} {[%emt 00:01:46]} 49.
Ke3 {[%clk 00:08:38]} {[%emt 00:00:17]} Rc2 {[%clk 00:02:52]} {[%emt 00:01:02]}
50. Kd4 {[%clk 00:08:57]} {[%emt 00:00:17]} Kd6 {[%clk 00:03:14]} {[%emt
00:00:25]} 51. c4 {[%clk 00:08:02]} {[%emt 00:01:18]} Re2 {[%clk 00:03:18]}
{[%emt 00:00:20]} 52. c5+ {[%clk 00:06:52]} {[%emt 00:01:31]} Kc6 {[%clk
00:03:33]} {[%emt 00:00:12]} 53. Rb3 {[%clk 00:06:09]} {[%emt 00:01:13]} Rd2+
{[%clk 00:03:54]} {[%emt 00:00:13]} 54. Ke3 {[%clk 00:06:33]} {[%emt 00:00:08]}
Rg2 {[%clk 00:03:50]} {[%emt 00:00:27]} 55. Kf3 {[%clk 00:06:49]} {[%emt
00:00:38]} Ra2 {[%clk 00:03:04]} {[%emt 00:01:11]} 56. Rb6+ {[%clk 00:06:52]}
{[%emt 00:00:21]} Kxc5 {[%clk 00:03:33]} 57. Rxf6 {[%clk 00:07:16]} Ra3+ {[%clk
00:03:45]} {[%emt 00:00:28]} 58. Kg2 {[%clk 00:07:45]} Kd4 {[%clk 00:03:56]}
{[%emt 00:00:15]} 59. e5 {[%clk 00:05:33]} {[%emt 00:03:14]} g5 {[%clk
00:03:17]} {[%emt 00:01:01]} 60. hxg5 {[%clk 00:05:22]} {[%emt 00:00:10]} Ke4
{[%clk 00:03:16]} {[%emt 00:00:28]} 61. g6 {[%clk 00:03:51]} {[%emt 00:02:26]}
Ra2+ {[%clk 00:03:32]} 62. Kh3 {[%clk 00:04:08]} Kf3 {[%clk 00:04:00]} 63. Rb6
{[%clk 00:04:10]} {[%emt 00:00:29]} Ra1 {[%clk 00:03:40]} {[%emt 00:01:12]} 64.
Rb3+ {[%clk 00:04:24]} Ke4 {[%clk 00:04:08]} 65. g7 {[%clk 00:04:36]} {[%emt
00:00:22]} Ra8 {[%clk 00:04:36]} 66. Rb6 {[%clk 00:04:40]} {[%emt 00:00:24]}
Rg8 {[%clk 00:04:29]} {[%emt 00:00:50]} 67. Rg6 {[%clk 00:04:58]} 1-0

[Event "Irwin/Haring/Denker/Barber/Rockefeller Championships 2021"]
[Site "Crowne Plaza Cherry Hill, United States"]
[Date "2021.08.01"]
[Round "2.4"]
[White "Liang, Awonder"]
[Black "Ladan, Nicholas"]
[Result "1-0"]
[TimeControl "G/90;+30"]
[WhiteTitle "GM"]
[WhiteElo "2674"]
[BlackElo "2199"]

1. e4 {[%clk 01:26:57]} e5 {[%clk 01:30:50]} 2. Nf3 {[%clk 01:27:22]} Nc6
{[%clk 01:31:14]} {[%emt 00:00:12]} 3. Bb5 {[%clk 01:27:47]} g6 {[%clk
01:31:36]} {[%emt 00:00:16]} 4. d4 {[%clk 01:27:31]} {[%emt 00:01:23]} exd4
{[%clk 01:31:56]} 5. c3 {[%clk 01:27:54]} a6 {[%clk 01:32:20]} 6. Ba4 {[%clk
01:28:11]} Bg7 {[%clk 01:32:21]} {[%emt 00:00:47]} 7. cxd4 {[%clk 01:27:55]}
{[%emt 00:00:26]} b5 {[%clk 01:32:43]} 8. Bc2 {[%clk 01:23:28]} {[%emt
00:05:32]} Nf6 {[%clk 01:33:05]} 9. e5 {[%clk 01:22:30]} {[%emt 00:00:59]} Nd5
{[%clk 01:30:18]} {[%emt 00:03:25]} 10. Bg5 {[%clk 00:53:35]} {[%emt 00:29:16]}
f6 {[%clk 01:21:33]} {[%emt 00:09:14]} 11. Bh4 {[%clk 00:46:52]} {[%emt
00:07:14]} Bb7 {[%clk 01:05:33]} {[%emt 00:16:29]} 12. Be4 {[%clk 00:42:22]}
{[%emt 00:05:20]} Nf4 {[%clk 00:55:09]} {[%emt 00:11:07]} 13. O-O {[%clk
00:42:01]} {[%emt 00:00:17]} d5 {[%clk 00:48:44]} {[%emt 00:07:00]} 14. exd6
{[%clk 00:37:29]} {[%emt 00:05:08]} Qxd6 {[%clk 00:48:07]} {[%emt 00:01:01]} 15.
a4 {[%clk 00:37:17]} {[%emt 00:00:53]} O-O {[%clk 00:42:20]} {[%emt 00:06:41]}
16. axb5 {[%clk 00:28:14]} {[%emt 00:09:00]} axb5 {[%clk 00:42:24]} {[%emt
00:00:25]} 17. Rxa8 {[%clk 00:28:39]} {[%emt 00:00:04]} Bxa8 {[%clk 00:42:20]}
{[%emt 00:00:44]} 18. Nc3 {[%clk 00:24:57]} {[%emt 00:03:58]} f5 {[%clk
00:36:01]} {[%emt 00:07:27]} 19. Nxb5 {[%clk 00:25:21]} fxe4 {[%clk 00:35:41]}
{[%emt 00:00:32]} 20. Nxd6 {[%clk 00:25:02]} {[%emt 00:00:46]} exf3 {[%clk
00:32:58]} {[%emt 00:03:35]} 21. g3 {[%clk 00:18:32]} {[%emt 00:06:40]} Ne2+
{[%clk 00:32:51]} {[%emt 00:00:24]} 22. Kh1 {[%clk 00:19:01]} {[%emt 00:00:48]}
cxd6 {[%clk 00:33:03]} 23. d5 {[%clk 00:19:10]} Ncd4 {[%clk 00:29:09]} {[%emt
00:04:49]} 24. Be7 {[%clk 00:19:36]} Rc8 {[%clk 00:26:01]} {[%emt 00:03:27]} 25.
Qa4 {[%clk 00:18:38]} {[%emt 00:01:09]} Bxd5 {[%clk 00:26:07]} {[%emt
00:00:24]} 26. Bxd6 {[%clk 00:19:05]} {[%emt 00:00:14]} h6 {[%clk 00:24:15]}
{[%emt 00:02:13]} 27. Qa5 {[%clk 00:19:05]} {[%emt 00:00:31]} Be6 {[%clk
00:23:25]} {[%emt 00:01:59]} 28. h4 {[%clk 00:19:03]} g5 {[%clk 00:18:09]}
{[%emt 00:06:04]} 29. hxg5 {[%clk 00:15:52]} {[%emt 00:03:20]} hxg5 {[%clk
00:18:32]} {[%emt 00:00:04]} 30. Qxg5 {[%clk 00:16:17]} {[%emt 00:00:06]} Kh7
{[%clk 00:10:22]} {[%emt 00:08:37]} 31. Qh5+ {[%clk 00:16:30]} {[%emt
00:00:17]} Kg8 {[%clk 00:09:58]} {[%emt 00:01:00]} 32. Ra1 {[%clk 00:16:16]}
{[%emt 00:00:37]} Bf7 {[%clk 00:10:17]} {[%emt 00:00:18]} 33. Qg4 {[%clk
00:15:51]} {[%emt 00:00:48]} Re8 {[%clk 00:10:40]} {[%emt 00:00:10]} 34. Ra6
{[%clk 00:07:36]} {[%emt 00:08:49]} Re6 {[%clk 00:09:47]} {[%emt 00:01:26]} 35.
Bc7 {[%clk 00:05:44]} {[%emt 00:02:32]} Nc6 {[%clk 00:03:36]} {[%emt 00:06:24]}
36. Ra8+ {[%clk 00:05:50]} {[%emt 00:00:36]} Kh7 {[%clk 00:03:56]} 37. Qf5+
{[%clk 00:06:17]} Rg6 {[%clk 00:03:56]} {[%emt 00:00:29]} 38. Qxf3 {[%clk
00:06:29]} {[%emt 00:00:16]} Rh6+ {[%clk 00:01:16]} {[%emt 00:03:11]} 39. Kg2
{[%clk 00:06:54]} {[%emt 00:00:46]} Bh5 {[%clk 00:01:19]} 40. Qe4+ {[%clk
00:07:04]} {[%emt 00:00:22]} Rg6 {[%clk 00:01:38]} 41. Ra1 {[%clk 00:07:13]}
{[%emt 00:00:23]} Bh6 {[%clk 00:00:36]} {[%emt 00:01:31]} 42. Rh1 {[%clk
00:07:08]} {[%emt 00:00:28]} Bg4 {[%clk 00:01:04]} {[%emt 00:00:25]} 43. f3
{[%clk 00:07:26]} {[%emt 00:00:35]} Bxf3+ {[%clk 00:00:43]} {[%emt 00:00:07]}
44. Qxf3 {[%clk 00:07:45]} {[%emt 00:00:13]} Ned4 {[%clk 00:00:56]} {[%emt
00:00:14]} 45. Qf7+ {[%clk 00:07:48]} {[%emt 00:00:27]} Rg7 {[%clk 00:01:21]}
{[%emt 00:00:33]} 46. Qh5 {[%clk 00:08:06]} {[%emt 00:00:03]} Rg6 {[%clk
00:00:58]} 1-0